000
00282nam a22001097a 4500
008
140206t xxu||||| |||| 00| 0 eng d
020
_a
978-81-261-3280-5
100
_a
P.R. Gilbert
_9
642
245
_a
Agricultural Biotechnology, Forestry and Products
300
_a
287
942
_2
ddc
_c
BK
999
_c
16904
_d
16904